000 00707nam a2200229 a 4500
001 57534
003 BD-RjUL
005 20211209080525.0
008 161210s1988 ii ||||| b||| 001 0 eng d
035 _a(BD-RjUL)57658
040 _aBD-RjUL
_beng
_cBD-RjUL
041 _aeng
082 _223
_a305.520954
_bSIL 1988
100 _a Singh, Rajendra
_9170851
245 _aLand, power, and people :
_b rural elite in transition, 1801-1970 /
_c Rajendra Singh
250 _a1st ed.
260 _aNew Delhi :
_bSage Publications,
_cc1988.
300 _a264 p. ;
_c21 cm.
504 _aIncludes bibliography & index
650 _a Elite (Social sciences)
_x Case studies
_z India
_9170852
942 _2ddc
_cBK
999 _c57534
_d57534